000 00605nam a2200205Ia 4500
005 20250508165130.0
008 008 250505s9999 xx 000 0 eng d
020 _a978-81-89524-32-6
037 _aTextual
040 _aFEDL
_beng
_cFEDL
041 _aeng
_2eng
084 _a301, FRA
_qFEDL
100 _aFraser Nancy
245 0 _aSocial justice in the age of identity politics: Redistribution, recognition and participation
260 _aNew Delhi, India
_bCritical Quest
_c2008
300 _a48p.
365 _aINR
_b350
942 _cTEXL
_h301, FRA
999 _c1393326
_d1393326